Normal view
MARC view
Entry Personal Name
001 - CONTROL NUMBER
- control field: 26660
003 - CONTROL NUMBER IDENTIFIER
- control field: OSt
005 - DATE AND TIME OF LATEST TRANSACTION
- control field: 20230623165717.0
008 - FIXED-LENGTH DATA ELEMENTS
- fixed length control field: 230623|| aca||aabn | a|a d
040 ## - CATALOGING SOURCE
- Original cataloging agency: OSt
- Transcribing agency: OSt
100 ## - HEADING--PERSONAL NAME
- Personal name: ၵၼ်ႇထမႃႇသႃႇမိ
- Titles and other words associated with a name: ၸဝ်ႈ
670 ## - SOURCE DATA FOUND
- Source citation: Work cat.: (OSt): ၵၼ်ႇထမႃႇသႃႇမိ ၸဝ်ႈ, လင်ႇၵႃႇဝၢၵ်ႇပိုၼ်းၸဝ်ႈသြႃႇပၼ်တိတဝတ်ႉသၼ်ပႃႇၵေႃႇ၊ ဝဵင်ႈၵဵင်းႁၢႆး၊ ၸိုင်ႈထႆး